000 00311nam a2200133Ia 4500
005 20251222144713.0
008 251222s9999||||xx |||||||||||||| ||spa||
020 _a84-7050-264-6
082 _a232.931/H51
100 _aHickey, James
245 0 _aMarĂ­a al Pie de la Cruz:
264 _bEdicep
942 _cLIB
999 _c17924
_d17924